Study on self‑healing natural rubber based on reversible Zn2⁺ salt bond network (Record no. 75858)
[ view plain ]
| 000 -LEADER | |
|---|---|
| fixed length control field | 00572nam a22002057a 4500 |
| 100 ## - MAIN ENTRY--AUTHOR NAME | |
| Personal name | Ma, R. |
| 245 ## - TITLE STATEMENT | |
| Title | Study on self‑healing natural rubber based on reversible Zn2⁺ salt bond network |
| 260 ## - PUBLICATION, DISTRIBUTION, ETC. (IMPRINT) | |
| Name of publisher | Journal of Polymer Research, 32 |
| Year of publication | 2025 |
| 300 ## - PHYSICAL DESCRIPTION | |
| Other physical details | Online |
| 650 ## - SUBJECT ADDED ENTRY--TOPICAL TERM | |
| Topical Term | Self-healing |
| 650 ## - SUBJECT ADDED ENTRY--TOPICAL TERM | |
| Topical Term | Reversible Zn |
| 650 ## - SUBJECT ADDED ENTRY--TOPICAL TERM | |
| Topical Term | Salt bond |
| 650 ## - SUBJECT ADDED ENTRY--TOPICAL TERM | |
| Topical Term | Cross-linked network |
| 650 ## - SUBJECT ADDED ENTRY--TOPICAL TERM | |
| Topical Term | Healing temperature |
| 700 ## - ADDED ENTRY--PERSONAL NAME | |
| Personal name | Zhang, T. |
| 700 ## - ADDED ENTRY--PERSONAL NAME | |
| Personal name | Liang, Y. |
| 856 ## - ELECTRONIC LOCATION AND ACCESS | |
| Uniform Resource Identifier | https://doi.org/10.1007/s10965-025-04343-x |
| 942 ## - ADDED ENTRY ELEMENTS (KOHA) | |
| Koha item type | Journals |
| Withdrawn status | Lost status | Damaged status | Not for loan | Home library | Current library | Date acquired | Koha item type |
|---|---|---|---|---|---|---|---|
| RRII Library | RRII Library | 05/03/2026 | Journals |